Hospodářská politika USA mezi světovými válkami /

Main Author: Tajovský, Ladislav, 1973-
Language: Czech
Published: České Budějovice : Kopp, 2014
Edition: První vydání
Subjects:
Physical Description: 207 stran ; 20 cm
Book
Saved in:
LEADER 02518cam a2200625 i 4500
001 nkc20152690652
003 CZ PrNK
005 20151223085954.0
007 ta
008 150319s2014 xr f 000 0 cze d
015 |a cnb002690652 
020 |a 978-80-7232-472-9  |q (brožováno) 
035 |a (OCoLC)934899358 
040 |a KLG001  |b cze  |d OLA001  |d ABA001  |e rda 
043 |a n-us--- 
045 |a x1x3 
072 7 |a 330.5+338  |x Národní hospodářství a hospodářská politika  |2 Konspekt  |9 4 
080 |a 338.2  |2 MRF 
080 |a 338.124.4  |2 MRF 
080 |a [338.2+36](73)  |2 MRF 
080 |a 338  |2 MRF 
080 |a 328/329  |2 MRF 
080 |a (73)  |2 MRF 
080 |a (048.8)  |2 MRF 
100 1 |a Tajovský, Ladislav,  |d 1973-  |7 xx0032239  |4 aut 
245 1 0 |a Hospodářská politika USA mezi světovými válkami /  |c Ladislav Tajovský 
250 |a První vydání 
264 1 |a České Budějovice :  |b Kopp,  |c 2014 
300 |a 207 stran ;  |c 20 cm 
336 |a text  |b txt  |2 rdacontent 
337 |a bez média  |b n  |2 rdamedia 
338 |a svazek  |b nc  |2 rdacarrier 
500 |a Na obálce časové určení 1918-1938 
504 |a Obsahuje bibliografii a bibliografické odkazy 
600 1 7 |a Roosevelt, Franklin D.  |q (Franklin Delano),  |d 1882-1945  |7 jn20000701525  |2 czenas 
600 1 7 |a Hoover, Herbert,  |d 1874-1964  |7 jn20000700735  |2 czenas 
648 7 |a 1918-1938  |7 ch460648  |2 czenas 
648 7 |a 1929-1934  |7 ch501254  |2 czenas 
650 0 7 |a hospodářská politika  |7 ph114701  |z Spojené státy americké  |y 1918-1938  |2 czenas 
650 0 7 |a hospodářská krize  |7 ph120819  |z Spojené státy americké  |y 1929-1934  |2 czenas 
650 0 7 |a New Deal (1933-1939 : Spojené státy americké)  |7 ph194681  |2 czenas 
650 0 9 |a economic policy  |z United States  |y 1918-1938  |2 eczenas 
650 0 9 |a economic crises  |z United States  |y 1929-1934  |2 eczenas 
650 0 9 |a New Deal (1933-1939 : United States)  |2 eczenas 
651 7 |a Spojené státy americké  |7 ge128584  |x hospodářské poměry  |y 1918-1938  |2 czenas 
651 7 |a Spojené státy americké  |7 ge128584  |x politika a vláda  |y 1918-1938  |2 czenas 
651 9 |a United States  |x economic conditions  |y 1918-1938  |2 eczenas 
651 9 |a United States  |x politics and government  |y 1918-1938  |2 eczenas 
655 7 |a monografie  |7 fd132842  |2 czenas 
655 9 |a monographs  |2 eczenas 
910 2 |a BOA001  |b 1-1358.158 
990 |a BK 
995 |a 01 
991 |b 201512  |c NOV 
996 6 |b 2610652134  |c 1-1358.158  |l MZK  |r Sklad / do 1 hodiny  |n 3  |p p.v.  |w 001534493  |u 000010  |a 1  |e BOA001  |j MZK50  |s P